| 000 | 00729nam a22002537a 4500 | ||
|---|---|---|---|
| 001 | 23290 | ||
| 003 | UA-OsUOA | ||
| 005 | 20211004162151.0 | ||
| 007 | ta | ||
| 008 | 20040116b un ||||| |||| 00| 0 ukr d | ||
| 020 | _a966-06-0216-2 | ||
| 040 |
_aUA-OsUOA _bukr _cUA-OsUOA _dUA-OsUOA |
||
| 041 | _aukr | ||
| 044 | _aUA | ||
| 080 | _a159.98 | ||
| 090 |
_a159.98 _bО-75 |
||
| 245 |
_aОснови практичної психології _bпідручник _cВ. Панок, Т. Титаренко, Н. Чепелєва |
||
| 260 |
_aКиїв _bЛибідь _c2003 |
||
| 300 | _a536 с. | ||
| 650 | 7 | _2UDC | |
| 942 |
_cBK _2udc |
||
| 955 | _a0 | ||
| 999 |
_c309535 _d309535 |
||